200 premiers mots de Harry Potter et la coupe de feu - Statistiques

Statistiques générales
  • Ce quiz a été pris 2 546 fois
  • Le résultat moyen est 100 sur 200
Statistiques - réponses
Mots % Correct
l'
96%
L'
96%
d'
94%
à
93%
le
93%
s'
93%
la
91%
c'
90%
de
89%
de...
89%
n'
85%
et
83%
il
83%
des
80%
du
80%
Les
80%
les
80%
se
76%
mais,
75%
qu'
75%
un
74%
Un
74%
une
73%
en
71%
En
71%
était
71%
avait
70%
Elle
70%
que
69%
maison
65%
qui
64%
au
63%
62%
plus.
62%
plus
62%
y
62%
par
60%
pour
57%
ses
54%
su
54%
si
53%
dans
49%
Jedusor
49%
famille
48%
habitants
44%
été
43%
grand
43%
sort »,
41%
sort »
41%
village,
40%
village
40%
tout
39%
« Jeux
38%
personne
37%
vivait
37%
années
36%
même
35%
eu
34%
Little
34%
toujours
34%
fois,
33%
nombreuses
32%
manoir
31%
sans
31%
dire
30%
appelaient
29%
aurait
29%
cas,
29%
colline
29%
Hangleton
29%
rien
29%
tant
27%
histoire
26%
kilomètres
26%
ronde
26%
sommet
25%
anciens
23%
fenêtres
23%
toute
22%
encore
21%
villageois
21%
doute
20%
quelque
20%
bâtisse
19%
chose
19%
faisait
19%
belle
18%
nul
18%
dressait
17%
étrange
17%
présent,
17%
racontée
17%
souvent,
17%
toit
17%
toutes
17%
vérité.
17%
dominant
16%
plusieurs
16%
« froid
15%
vraiment
15%
produit,
14%
tôt,
14%
accordaient
13%
délabrée,
13%
dos ».
13%
événement
13%
tuiles
13%
Autrefois,
12%
lierre
12%
plaisaient
12%
façade
11%
lorsqu'
11%
majestueux
11%
planches,
11%
siècle
11%
demi-
10%
endroits,
10%
épais
10%
certaines
9%
condamnées
9%
édifice
9%
alimenter
8%
dépourvu
8%
envahie
8%
liberté.
8%
potins.
8%
poussait
8%
récent
8%
terrifiant
8%
versions
8%
apparence,
7%
commençaient
7%
récit
7%
déserte.
6%
enjolivée
6%
évoquer
6%
humide,
6%
Aucun quiz correspondant
Distribution des résultats
% des personnes avec chaque résultat
Percentile par nombre de réponses
Votre historique - résultats
Vous n’avez pas pris ce quiz